000 00792cam a2200157ua 4500
003 OSt
008 220205b ||||| |||| 00| 0 eng d
041 _aeng
082 _a551.48
_bMUT/AP
100 _aMutreja, K.N .
_95167
245 _aApplied hydrology /
260 _aNew Delhi :
_bTata Mc-Graw Hill Publishing Company ,
_c1990.
300 _a960 ; .
505 _aMeterology -- statistics in hydrologic analyses -- Regional statistical analysis -- Hydrological cycle components and their data preparation -- Precipitation -- The hydrograph -- Snow -- Hydrologic losses -- Groundwater -- Streamflow -- Hydrologic design -- Fllod routing -- Hydrologic synthesis and simulation -- Design flood -- reservoir -- Reservoir sedimentation -- Project formulation.
942 _cBK
999 _c11116
_d11116